| 000 | 00582nam a22002297a 4500 | ||
|---|---|---|---|
| 003 | OSt | ||
| 005 | 20180116182958.0 | ||
| 008 | 140619b xxu||||| |||| 00| 0 eng d | ||
| 020 | _a9780875961446 | ||
| 022 | _a0875961444 | ||
| 040 | _c0 | ||
| 050 | _a158 | ||
| 082 | _a158 | ||
| 100 | _aEmrika,Padus | ||
| 245 |
_aThe Complete Guide to your Emotions and your Health. _cEmrika Padus |
||
| 260 |
_aAmerica _bRodale Press,Emmaus,Pennsylvania _c1992 |
||
| 300 | _a627p. | ||
| 500 | _aHard Cover | ||
| 600 | _aEmrika,Padus | ||
| 700 | _aEmrika,Padus | ||
| 942 |
_2ddc _cBK _k158 |
||
| 999 |
_c349727 _d349727 |
||